000 00799nam a2200217Ii 4500
003 JO-AjNU
008 230605s9999||||xx |||||||||||||| ||und||
017 _a2002/11/2699
040 _aJO-AjNU
_bara
_erda
_cJO-AjNU
041 _aara
050 1 4 _aPJ7820.A595.Z87 2002
100 3 _aتأليف الشرع، علي,
_eauthor
_948698
245 0 0 _aمحمود درويش شاعر المرايا المتحولة
264 3 1 _aعمان:وزارة الثقافة،2002
300 _a185ص
336 _atext
_btxt
_2rdacontent
337 _aunmediated
_bn
_2rdamedia
338 _avolume
_bnc
_2rdacarrier
490 0 _aسلسلة كتاب الشهر 44 تصدرها وزارة الثقافة الأردنية
650 4 _aالشعر العربي - الشعراء العرب - تراجم
_948699
999 _aA21344
_c24912
_d24912